[Event "Petah Tikva Elitzur-B"]
[Site "Petah Tikva"]
[Date "2011.03.16"]
[Round "9"]
[White "Kantsler, Boris"]
[Black "Porat, Daniel"]
[Result "1/2-1/2"]
[WhiteElo "2433"]
[BlackElo "2168"]
[PlyCount "40"]
[EventDate "2011.02.23"]
[EventType "tourn"]
[EventRounds "9"]
[EventCountry "ISR"]
[EventCategory "2"]
[SourceTitle "CBM 141 Extra"]
[Source "ChessBase"]
[SourceDate "2011.05.03"]
[SourceVersion "1"]
[SourceVersionDate "2011.05.03"]
[SourceQuality "1"]

1. d4 Nf6 2. c4 e6 3. Nc3 Bb4 4. e3 c5 5. Bd3 Nc6 6. Nge2 cxd4 7. exd4 d5 8. 0-0 0-0 9. cxd5 Nxd5 10. Bc2 Bd6 11. Qd3 g6 12. a3 Nxc3 13. bxc3 e5 14. Bh6 Re8 15. Qd2 exd4 16. Nxd4 Ne5 17. Nb5 Bb8 18. Qxd8 Rxd8 19. Rfd1 Re8 20. Nd6 Bxd6 1/2-1/2

[Event "Petah Tikva Elitzur-B"]
[Site "Petah Tikva"]
[Date "2011.03.02"]
[Round "5"]
[White "Ruderfer, Mark B"]
[Black "Porat, Daniel"]
[Result "1/2-1/2"]
[WhiteElo "2310"]
[BlackElo "2168"]
[PlyCount "38"]
[EventDate "2011.02.23"]
[EventType "tourn"]
[EventRounds "9"]
[EventCountry "ISR"]
[EventCategory "2"]
[SourceTitle "CBM 141 Extra"]
[Source "ChessBase"]
[SourceDate "2011.05.03"]
[SourceVersion "1"]
[SourceVersionDate "2011.05.03"]
[SourceQuality "1"]

1. Nf3 Nf6 2. c4 e6 3. Nc3 b6 4. g3 Bb7 5. Bg2 Be7 6. 0-0 0-0 7. b3 c5 8. Bb2 d6 9. e3 Nbd7 10. Qe2 Rc8 11. d3 Qc7 12. Rac1 a6 13. Rfd1 Qb8 14. d4 Qa8 15. Ne1 Bxg2 16. Nxg2 cxd4 17. exd4 Rfe8 18. Ne3 Qb7 19. Ba3 Ne4 1/2-1/2

[Event "Petah Tikva Elitzur-B"]
[Site "Petah Tikva"]
[Date "2011.02.24"]
[Round "2"]
[White "Porat, Daniel"]
[Black "Kaganskiy, Gleb"]
[Result "0-1"]
[WhiteElo "2168"]
[BlackElo "2301"]
[PlyCount "60"]
[EventDate "2011.02.23"]
[EventType "tourn"]
[EventRounds "9"]
[EventCountry "ISR"]
[EventCategory "2"]
[SourceTitle "CBM 141 Extra"]
[Source "ChessBase"]
[SourceDate "2011.05.03"]
[SourceVersion "1"]
[SourceVersionDate "2011.05.03"]
[SourceQuality "1"]

1. e4 c6 2. d4 d5 3. e5 Bf5 4. Nf3 e6 5. Be2 c5 6. 0-0 Nc6 7. c3 cxd4 8. cxd4 Nge7 9. Nc3 Bg4 10. Be3 Nf5 11. Rc1 Be7 12. Na4 Rc8 13. Nc5 0-0 14. Qd2 Bxf3 15. Bxf3 Nxe3 16. fxe3 Bxc5 17. Rxc5 Nxe5 18. Qc3 Rxc5 19. Qxc5 b6 20. Qc3 Nc4 21. g3 Qg5 22. Kf2 Rc8 23. Rc1 g6 24. h4 Qe7 25. Qe1 Rc7 26. Rc2 Nd6 27. Qc1 Rxc2+ 28. Qxc2 h5 29. Qc6 Nf5 30. a3 Qd8 0-1

[Event "Herzliya op"]
[Site "Herzliya"]
[Date "2008.09.03"]
[Round "2"]
[White "Khmelniker, Ilya"]
[Black "Porat, Daniel"]
[Result "0-1"]
[WhiteElo "2448"]
[BlackElo "2233"]
[PlyCount "38"]
[EventDate "2008.09.02"]
[EventType "swiss"]
[EventRounds "9"]
[EventCountry "ISR"]
[SourceTitle "CBM 126 Extra"]
[Source "ChessBase"]
[SourceDate "2008.11.05"]
[SourceVersion "1"]
[SourceVersionDate "2008.11.05"]
[SourceQuality "1"]

1. c4 Nf6 2. Nc3 e6 3. d4 Bb4 4. Qc2 c5 5. dxc5 Na6 6. Nf3 Nxc5 7. a3 Bxc3+ 8. Qxc3 b6 9. e3 0-0 10. Be2 d5 11. b4 Nce4 12. Qd4 dxc4 13. Bxc4 Bb7 14. Bb2 Rc8 15. Bb3 Ba6 16. Rd1 Qc7 17. Qe5 Rfd8 18. Rxd8+ Qxd8 19. Nd4 Nxf2 0-1

[Event "Herzliya op"]
[Site "Herzliya"]
[Date "2008.09.02"]
[Round "1"]
[White "Porat, Daniel"]
[Black "Hertz, Yaniv"]
[Result "1-0"]
[WhiteElo "2233"]
[BlackElo "2013"]
[PlyCount "51"]
[EventDate "2008.09.02"]
[EventType "swiss"]
[EventRounds "9"]
[EventCountry "ISR"]
[SourceTitle "CBM 126 Extra"]
[Source "ChessBase"]
[SourceDate "2008.11.05"]
[SourceVersion "1"]
[SourceVersionDate "2008.11.05"]
[SourceQuality "1"]

1. e4 e6 2. d4 d5 3. Nc3 Bb4 4. e5 b6 5. h4 h6 6. a3 Bf8 7. Be3 Ne7 8. g4 a5 9. Bb5+ c6 10. Bd3 Ba6 11. Nge2 Bxd3 12. Qxd3 Ng6 13. h5 Nh4 14. 0-0-0 b5 15. f4 b4 16. axb4 axb4 17. Nb1 Nd7 18. f5 c5 19. dxc5 Nf3 20. fxe6 fxe6 21. Qg6+ Ke7 22. Nf4 Ng5 23. c6 Nxe5 24. Bc5+ Qd6 25. Bxd6+ Kxd6 26. Rxd5+ 1-0